All Westlife Songs - Statistics

General Stats
  • This quiz has been taken 47 times
  • The average score is 38 of 208
Answer Stats
Hint Answer % Correct
Westlife Flying Without Wings
81%
Coast To Coast Uptown Girl (European Reissue Bonus Track)
81%
Coast To Coast My Love
76%
Face To Face You Raise Me Up
76%
Where We Are You Raise Me Up (Live At Croke Park) (Japanese Bonus Track)
76%
Turnaround Mandy
71%
Westlife Seasons In The Sun
71%
Westlife Fool Again
67%
The Love Album If (Deluxe Edition Bonus Track)
67%
Westlife I Have A Dream (Australian Bonus Track)
62%
Westlife Swear It Again
62%
World Of Our Own World Of Our Own
62%
Back Home | Turnaround Home
52%
The Love Album The Rose
52%
Where We Are What About Now
52%
Coast To Coast Against All Odds (Take A Look At Me Now) (With Mariah Carey)
48%
World Of Our Own Bop Bop Baby
48%
Westlife If I Let You Go
48%
Wild Dreams Starlight
48%
Unbreakable - The Greatest Hits Volume 1 Unbreakable
48%
Coast To Coast What Makes A Man
48%
Coast To Coast I Lay My Love On You
43%
World Of Our Own Queen Of My Heart
43%
Spectrum Dynamite
38%
World Of Our Own Evergreen
38%
Turnaround Heal
38%
Unbreakable - The Greatest Hits Volume 1 Tonight
38%
Spectrum Hello My Love
33%
Gravity Safe
33%
The Love Album Total Eclipse Of The Heart
33%
Turnaround Turn Around
33%
Where We Are Where We Are
33%
Face To Face Amazing
29%
World Of Our Own Angel
29%
Spectrum Better Man
29%
Where We Are I'll See You Again
29%
Back Home I'm Already There
29%
Spectrum L.O.V.E.
29%
Westlife No No
29%
Turnaround Obvious
29%
Coast To Coast When You're Looking Like That
29%
World Of Our Own Why Do I Love You
29%
Unbreakable - The Greatest Hits Volume 1 Written In The Stars
29%
...Allow Us To Be Frank Ain't That A Kick In The Head
24%
Greatest Hits Beautiful World
24%
...Allow Us To Be Frank Fly Me To The Moon
24%
Back Home I Do
24%
World Of Our Own I Wanna Grow Old With You
24%
Spectrum My Blood
24%
Wild Dreams My Hero
24%
Westlife Open Your Heart
24%
The Love Album The Dance
24%
Face To Face When You Tell Me That You Love Me (With Diana Ross)
24%
Wild Dreams Alone Together
19%
The Love Album Easy
19%
Turnaround Hey Whatever
19%
Westlife I Don't Wanna Fight
19%
Back Home It's You
19%
Where We Are Leaving
19%
Westlife Miss You
19%
Westlife More Than Words
19%
The Love Album Nothing's Gonna Change My Love For You (Deluxe Edition Bonus Track)
19%
Coast To Coast Puzzle Of My Heart
19%
...Allow Us To Be Frank Smile
19%
Coast To Coast Soledad
19%
Back Home Something Right
19%
Back Home The Easy Way
19%
Gravity The Reason
19%
Back Home Us Against The World
19%
Wild Dreams Wild Dreams
19%
Coast To Coast Angel's Wings
14%
Back Home Catch My Breath
14%
Face To Face Change Your Mind
14%
Coast To Coast Close
14%
Gravity Closer
14%
Face To Face Colour My World
14%
Face To Face Desperado
14%
Gravity Difference In Me
14%
World Of Our Own Don't Say It's Too Late
14%
Coast To Coast Dreams Come True
14%
Coast To Coast Every Little Thing You Do
14%
Unbreakable - The Greatest Hits Volume 1 How Does It Feel
14%
...Allow Us To Be Frank I Left My Heart In San Francisco
14%
Face To Face In This Life
14%
Greatest Hits Lighthouse
14%
Coast To Coast Loneliness Knows Me By Name
14%
...Allow Us To Be Frank Mack The Knife
14%
Face To Face Maybe Tomorrow (European Bonus Track)
14%
Unbreakable - The Greatest Hits Volume 1 Miss You Nights
14%
Where We Are Shadows
14%
Face To Face She's Back
14%
Coast To Coast Somebody Needs You
14%
Where We Are Sound Of A Broken Heart
14%
...Allow Us To Be Frank Summer Wind
14%
Turnaround Thank You
14%
Where We Are The Difference
14%
...Allow Us To Be Frank The Way You Look Tonight (Westlife Only Version) (Japanese Bonus Track)
14%
Turnaround To Be With You
14%
Gravity Too Hard To Say Goodbye
14%
Westlife We Are One
14%
Turnaround What Do They Know?
14%
Turnaround When A Woman Loves A Man
14%
Back Home When I'm With You
14%
B-Sides/Other Recordings Where We Belong
14%
The Love Album You Light Up My Life
14%
Coast To Coast You Make Me Feel
14%
Back Home You Must Have Had A Broken Heart
14%
The Love Album All Or Nothing
10%
The Love Album All Out Of Love (With Delta Goodrem)
10%
Where We Are Another World
10%
Where We Are As Love Is My Witness
10%
World Of Our Own Bad Girls (Japanese Bonus Track)
10%
Gravity Beautiful Tonight
10%
Gravity Before It's Too Late
10%
Westlife Can't Lose What You Never Had
10%
Gravity Chances
10%
Westlife Change The World
10%
...Allow Us To Be Frank Clementine
10%
...Allow Us To Be Frank Come Fly With Me
10%
Spectrum Dance
10%
World Of Our Own Drive (For All Time)
10%
Wild Dreams End Of Time
10%
Coast To Coast Fragile Heart
10%
Back Home Hard To Say I'm Sorry (iTunes Bonus Track)
10%
Back Home Have You Ever
10%
The Love Album Have You Ever Been In Love
10%
Face To Face Heart Without A Home
10%
Face To Face Hit You With The Real Thing
10%
Where We Are How To Break A Heart
10%
World Of Our Own I Cry
10%
Turnaround I Did It For You
10%
World Of Our Own If Your Heart's Not In It
10%
Gravity I Get Weak
10%
World Of Our Own Imaginary Diva
10%
Westlife I Need You
10%
Gravity I Will Reach You
10%
Wild Dreams Lifeline
10%
The Love Album Love Can Build A Bridge
10%
Unbreakable - The Greatest Hits Volume 1 Love Takes Two
10%
Westlife Moments
10%
...Allow Us To Be Frank Moon River
10%
Where We Are No More Heroes
10%
Gravity No One's Gonna Sleep Tonight
10%
Coast To Coast No Place That Far
10%
Spectrum One Last Time
10%
Greatest Hits Over And Out (Japanese Bonus Track)
10%
Back Home Pictures In My Head
10%
Where We Are Reach Out
10%
The Love Album Still Here (Deluxe Edition Bonus Track)
10%
Spectrum Take Me There
10%
Where We Are Talk Me Down
10%
Gravity Tell Me It's Love
10%
...Allow Us To Be Frank That's Life
10%
Face To Face That's Where You Find Love
10%
World Of Our Own To Be Loved
10%
...Allow Us To Be Frank When I Fall In Love
10%
Greatest Hits Wide Open
10%
Spectrum Without You
10%
Wild Dreams Alive
5%
Wild Dreams Always With Me
5%
Spectrum Another Life
5%
Together Back At One (With Lulu)
5%
The Love Album Butterfly Kisses (Deluxe Edition Bonus Track)
5%
World Of Our Own Don't Let Me Go
5%
Wild Dreams Do You Ever Think Of Me
5%
Helping Haiti Everybody Hurts
5%
Back Home Get Away (iTunes Bonus Track)
5%
Greatest Hits Last Mile Of The Way
5%
...Allow Us To Be Frank Let There Be Love
5%
Turnaround Lost In You
5%
World Of Our Own Love Crime
5%
Wild Dreams Magic
5%
Single Miss You When I'm Dreaming
5%
Coast To Coast Nothing Is Impossible (Australian Bonus Track)
5%
B-Sides/Other Recordings On The Wings Of Love
5%
B-Sides/Other Recordings Poet's Heart
5%
Spectrum Repair
5%
Wild Dreams Rewind
5%
The Love Album Solitaire (Deluxe Edition Bonus Track)
5%
B-Sides/Other Recordings | Westlife Try Again
5%
World Of Our Own Walk Away
5%
World Of Our Own When You Come Around
5%
B-Sides/Other Recordings White Christmas
5%
The Love Album You Are So Beautiful (To Me)
5%
The Love Album You've Lost That Loving Feeling
5%
B-Sides/Other Recordings Daytime Friends, Nighttime Lovers
0%
B-Sides/Other Recordings Everybody Knows
0%
B-Sides/Other Recordings Forever
0%
B-Sides/Other Recordings Greased Lightning
0%
Turnaround I'm Missing Loving You (Japanese Tour Edition Bonus Track)
0%
World Of Our Own I Promise You That (Japanese Bonus Track)
0%
Turnaround I Won't Let You Down (Japanese Tour Edition Bonus Track)
0%
Westlife My Private Movie
0%
Turnaround Never Knew I Was Losing You (Japanese Bonus Track)
0%
Discomania No More Tears (Enough Is Enough) (With Donna Summer)
0%
Turnaround On My Shoulder
0%
Gravity Please Stay (Japanese Bonus Track)
0%
B-Sides/Other Recordings Reason For Living
0%
Turnaround Singing Forever (Japanese Tour Edition Bonus Track)
0%
Westlife Story Of Love (Japanese Bonus Track)
0%
B-Sides/Other Recordings That's What It's All About
0%
...Allow Us To Be Frank The Way You Look Tonight (With Joanne Hindley)
0%
B-Sides/Other Recordings Tunnel Of Love
0%
Westlife What I Want Is What I've Got
0%
B-Sides/Other Recordings You Don't Know
0%
Turnaround You See Friends (I See Lovers) (Japanese Tour Edition Bonus Track)
0%
No matching quizzes found
Score Distribution
Percent of People with Each Score
Percentile by Number Answered
Your Score History
You have not taken this quiz